[Event "1st Asean GM"]
[Site "Bangkok THA"]
[Date "2004.06.11"]
[Round "10"]
[White "Zaw Win Lay"]
[Black "Aung Aung"]
[Result "1/2-1/2"]
[WhiteElo "2475"]
[BlackElo "2524"]

1.e4 c5 2.Nf3 d6 3.d4 cxd4 4.Nxd4 Nf6 5.Nc3 Nc6 6.Bg5 e6 7.Qd2 Be7 8.O-O-O O-O
9.f4 h6 10.Bh4 e5 11.Nf5 Bxf5 12.exf5 exf4 13.Kb1 d5 14.Qxf4 d4 15.Bxf6 Bxf6
16.Ne4 Be5 17.Qf3 Rc8 18.a3 Na5 19.f6 g6 20.Bd3 Nc4 21.Bxc4 Rxc4 22.Rhe1 Rc6  1/2-1/2

[Event "Summer III"]
[Site "Alushta UKR"]
[Date "2004.06.12"]
[Round "8"]
[White "Varavin,V"]
[Black "Itkis,B"]
[Result "0-1"]
[WhiteElo "2399"]
[BlackElo "2436"]

1.e4 c5 2.Nf3 d6 3.d4 cxd4 4.Nxd4 Nf6 5.Nc3 Nc6 6.Bg5 Qa5 7.Bxf6 gxf6 8.Nb3 Qg5
9.Nd5 Rb8 10.f4 Qg6 11.Qf3 f5 12.e5 dxe5 13.O-O-O Bh6 14.Bb5 a6 15.Bxc6+ bxc6
16.Nc7+ Kf8 17.Rd8+ Kg7 18.Ne8+ Rxe8 19.Rxe8 Bxf4+ 20.Kb1 c5 21.Qc3 Qc6 22.Rxe7 c4
23.Rxe5 Qf6 24.Rhe1 Bxe5 25.Rxe5 cxb3 26.axb3 Be6 27.g3 Rb5 28.Re3 Qxc3 29.bxc3 Kf6
30.Kc1 Re5 31.Kd2 Rxe3 32.Kxe3 Ke5 33.c4 a5 34.c3 h5 35.Kd3 f4 36.gxf4+ Kxf4
37.Kd4 h4 38.c5 Bxb3 39.c6 Be6  0-1

[Event "8th Open"]
[Site "Voronezh RUS"]
[Date "2004.06.17"]
[Round "6"]
[White "Bryzgalin,K"]
[Black "Ulko,J"]
[Result "1/2-1/2"]
[WhiteElo "2439"]
[BlackElo "2472"]

1.e4 c5 2.Nf3 Nc6 3.d4 cxd4 4.Nxd4 Nf6 5.Nc3 d6 6.Bg5 e6 7.Qd2 a6 8.O-O-O h6
9.Bf4 Bd7 10.Nxc6 Bxc6 11.Qe1 Qb8 12.f3 b5 13.g4 Be7 14.h4 e5 15.Bg3 Qb7
16.Qd2 Rc8 17.Bh3 b4 18.Nd5 Bxd5 19.exd5 Rc5 20.g5 Rxd5 21.Qg2 Rxd1+ 22.Rxd1 hxg5
23.hxg5 Nd5 24.f4 exf4 25.Be1 Rh5 26.Bf5 Rxg5 27.Qxd5 Qxd5 28.Rxd5 f3 29.Be4 Rg1
30.Kd2 Rg2+ 31.Kd1 Rg1 32.Kd2 Rg2+ 33.Kd1 Rg1  1/2-1/2

[Event "PWPW S.A Chess Cup"]
[Site "Warsaw POL"]
[Date "2004.06.20"]
[Round "5"]
[White "Socko,M"]
[Black "Skripchenko,A"]
[Result "0-1"]
[WhiteElo "2408"]
[BlackElo "2456"]

1.e4 c5 2.Nf3 Nc6 3.d4 cxd4 4.Nxd4 Nf6 5.Nc3 d6 6.Bg5 e6 7.Qd2 a6 8.O-O-O Bd7
9.f3 Be7 10.h4 Qc7 11.Kb1 Ne5 12.g4 b5 13.Bxf6 gxf6 14.Bd3 Nc4 15.Bxc4 Qxc4
16.Rhe1 O-O-O 17.Nf5 Bf8 18.Nxd6+ Bxd6 19.Qxd6 Bc6 20.Qf4 b4 21.Rxd8+ Rxd8
22.Ne2 Qc5 23.h5 Qf2 24.Qc1 Qxf3 25.c3 Qxg4 26.cxb4 Qxe4+ 27.Ka1 Kb7 28.a3 Qd3
29.Qc5 Qd6 30.Qf2 f5 31.Nc1 Qd4 32.Qg3 f4 33.Qh4 f3 34.Qg3 Bd5 35.h6 Rc8
36.Qg7 Qd2  0-1

[Event "54th ch-RUS w"]
[Site "Kazan RUS"]
[Date "2004.07.01"]
[Round "3"]
[White "Shadrina,T"]
[Black "Kovalevskaya,E"]
[Result "1/2-1/2"]
[WhiteElo "2380"]
[BlackElo "2467"]

1.e4 c5 2.Nf3 d6 3.d4 cxd4 4.Nxd4 Nf6 5.Nc3 Nc6 6.Bg5 a6 7.Qd2 e6 8.O-O-O h6
9.Be3 Be7 10.f3 Nxd4 11.Qxd4 e5 12.Qd2 Be6 13.Be2 Qa5 14.Kb1 Rc8 15.Nd5 Qxd2
16.Nxf6+ Bxf6  1/2-1/2

[Event "GM"]
[Site "Brno CZE"]
[Date "2004.07.03"]
[Round "1"]
[White "Walek,M"]
[Black "Groetz,H"]
[Result "1/2-1/2"]
[WhiteElo "2386"]
[BlackElo "2355"]

1.e4 c5 2.Nf3 d6 3.d4 cxd4 4.Nxd4 Nf6 5.Nc3 Nc6 6.Bg5 e6 7.Qd2 a6 8.O-O-O h6
9.Bf4 Bd7 10.Nxc6 Bxc6 11.f3 d5 12.Qe1 Bb4 13.a3 Ba5 14.Kb1 d4 15.Bd2 e5
16.h4 Rc8 17.Na2 Bxd2 18.Rxd2 Qe7 19.g4 Nd7 20.Nb4 Nc5 21.Nd3 Bb5 22.Nb4 Bc6
23.Nd3 Bb5 24.Nb4  1/2-1/2

[Event "TCh-GRE"]
[Site "Aghia Pelagia GRE"]
[Date "2004.07.04"]
[Round "1"]
[White "Berkes,F"]
[Black "Kotronias,V"]
[Result "1-0"]
[WhiteElo "2614"]
[BlackElo "2608"]

1.e4 c5 2.Nf3 Nc6 3.d4 cxd4 4.Nxd4 Nf6 5.Nc3 d6 6.Bg5 e6 7.Qd2 Be7 8.O-O-O O-O
9.f4 Nxd4 10.Qxd4 Qa5 11.Bc4 Bd7 12.e5 dxe5 13.fxe5 Bc6 14.Bd2 Nd7 15.Nd5 Qd8
16.Nxe7+ Qxe7 17.Rhe1 Rfc8 18.Qg4 Nf8 19.Bd3 Ng6 20.Bb4 Qh4 21.Qxh4 Nxh4
22.g3 a5 23.Ba3 Nf3 24.Re2 h5 25.Rf1 b6 26.h3 Ra7 27.Re3 Nd4 28.b3 Rd7 29.Rf4 Rcd8
30.Bd6 Nb5 31.Bxb5 Bxb5 32.Rh4 g6 33.g4 f5 34.gxh5 g5 35.Rg3 Rg7 36.h6 Rdd7
37.Rh5 f4 38.Rc3 Rgf7 39.h7+ Rxh7 40.Rc8+ Kg7 41.Rxg5+ Kh6 42.h4  1-0

[Event "22nd Open"]
[Site "Andorra la Vella AND"]
[Date "2004.07.04"]
[Round "2"]
[White "Navarro Cia,M"]
[Black "Damljanovic,B"]
[Result "0-1"]
[WhiteElo "2325"]
[BlackElo "2583"]

1.e4 c5 2.Nf3 Nc6 3.d4 cxd4 4.Nxd4 Nf6 5.Nc3 d6 6.Bg5 e6 7.Qd2 a6 8.O-O-O Bd7
9.f3 Be7 10.h4 h6 11.Be3 h5 12.Bg5 Ne5 13.Kb1 b5 14.f4 Neg4 15.e5 dxe5 16.fxe5 Nxe5
17.Bxf6 Bxf6 18.Ne4 Qe7 19.Be2 Rd8 20.Qf4 Ng6 21.Nxf6+ Qxf6 22.Qd6 e5 23.Qxf6 gxf6
24.Nb3 f5 25.Nc5 Bc8 26.a4 Rxd1+ 27.Rxd1 bxa4 28.g3 Ke7 29.Nxa4 f4 30.gxf4 Nxf4
31.Bf1 a5 32.Nb6 Be6 33.Bc4 Rb8 34.Bxe6 Rxb6 35.Bf5 Kf6 36.Bh7 Re6 37.Be4 Ke7
38.Rg1 Rd6 39.Rg5 Ke6 40.Bf5+ Kf6 41.Kc1 Ne2+ 42.Kb1 Rd1+ 43.Ka2 Nf4 44.Be4 Re1
45.Bf3 e4 46.Bxe4 Rxe4 47.Rxa5 Kg6 48.Rg5+ Kh6 49.Rf5 Kg7 50.Rg5+ Ng6 51.Rxh5 Nxh4
52.Rg5+ Kf6 53.Rg1 Ke5 54.c3 f5  0-1

[Event "GM"]
[Site "Brno CZE"]
[Date "2004.07.04"]
[Round "3"]
[White "Petrik,T"]
[Black "Groetz,H"]
[Result "1/2-1/2"]
[WhiteElo "2457"]
[BlackElo "2355"]

1.e4 c5 2.Nf3 d6 3.d4 cxd4 4.Nxd4 Nf6 5.Nc3 Nc6 6.Bg5 e6 7.Qd2 a6 8.O-O-O h6
9.Nxc6 bxc6 10.Bf4 d5 11.Qe3 Bb4 12.a3 Ba5 13.Be2 O-O 14.e5 Nd7 15.Qg3 Bc7
16.Kb1 Ra7 17.Rhe1 f6 18.Bxh6 Qe7 19.Bc1 Bxe5 20.f4 Bd6 21.Bd3 f5 22.Qh3 Nc5  1/2-1/2

[Event "IMA"]
[Site "Brno CZE"]
[Date "2004.07.06"]
[Round "4"]
[White "Chytilek,R"]
[Black "Czarnota,P"]
[Result "1-0"]
[WhiteElo "2418"]
[BlackElo "2380"]

1.e4 c5 2.Nf3 d6 3.d4 cxd4 4.Nxd4 Nf6 5.Nc3 Nc6 6.Bg5 e6 7.Qd2 a6 8.O-O-O Bd7
9.f3 Be7 10.h4 h6 11.Be3 b5 12.Nxc6 Bxc6 13.Ne2 e5 14.Nc3 Qb8 15.g4 a5 16.Nd5 Nxd5
17.exd5 Bd7 18.Bd3 Qb7 19.Be4 b4 20.Kb1 a4 21.g5 b3 22.cxb3 axb3 23.a3 h5
24.Rc1 O-O 25.Rc4 Rfb8 26.Rhc1 Bd8 27.f4 Bb5 28.Rc6 Ra4 29.Qg2 exf4 30.Bxf4 Bb6
31.g6 Bxc6 32.dxc6 Qe7 33.gxf7+ Kf8 34.Re1 Bc7 35.Re2 Rd4 36.Bg6 Rxf4 37.Rxe7 Kxe7
38.Kc1 Rb5 39.Qh3 Rc5+ 40.Kd2 Rg4 41.Qe3+ Re5 42.Qa7 Rg2+ 43.Kc3 Rxg6 44.Qxc7+ Kf8
45.Kxb3 Rc5 46.Qd7  1-0

[Event "Proclient Cup"]
[Site "Olomouc CZE"]
[Date "2004.07.06"]
[Round "3"]
[White "Kanovsky,D"]
[Black "Kraemer,Mar"]
[Result "0-1"]
[WhiteElo "2286"]
[BlackElo "2295"]

1.e4 c5 2.Nf3 Nc6 3.d4 cxd4 4.Nxd4 Nf6 5.Nc3 d6 6.Bg5 e6 7.Qd2 a6 8.O-O-O h6
9.Bf4 Bd7 10.Bg3 Be7 11.Be2 e5 12.Nf5 Bxf5 13.exf5 Qd7 14.f4 Qxf5 15.fxe5 dxe5
16.Rhf1 Qe6 17.Nd5 Qxd5 18.Qxd5 Nxd5 19.Rxd5 Rd8 20.Rxd8+ Bxd8 21.c3 g6 22.Bf3 f6
23.Be4 Rg8 24.Rd1 Bc7 25.Kc2 Rg7 26.Re1 f5 27.Bxc6+ bxc6 28.Bxe5 Re7 29.Bg3 Rxe1
30.Bxe1 Bxh2 31.Kd3 Bd6 32.b4 Kd7 33.a4 g5 34.c4 Ke6 35.c5 Bc7 36.Kd4 Be5+
37.Kc4 Bc7 38.b5 cxb5+ 39.axb5 axb5+ 40.Kxb5 Kd5 41.Bf2 f4 42.c6 g4 43.Bb6 f3
44.gxf3 gxf3 45.Bf2 h5 46.Kb4 Ke4 47.Kc4 Bd6 48.Kc3 Bb8 49.Kd2 Bf4+ 50.Ke1 Bc7
51.Kf1 Kd5 52.Bh4 Bb6 53.Bf2 Bc7 54.Bh4 Ke4 55.Kf2 Bb6+ 56.Kf1 Kf4 57.Bf2 Bc7
58.Kg1 Kg4 59.Kh1 h4 60.Kg1 h3 61.Kh1 Kf5 62.Kg1 Ke4 63.Kh1 Kd5 64.Be3 Kxc6
65.Bf2 Kd5 66.Be3 Ke4 67.Bf2 Kd3 68.Bh4 Ke2 69.Bf2 Ba5 70.Bg1 Bd2  0-1

[Event "TCh-GRE"]
[Site "Aghia Pelagia GRE"]
[Date "2004.07.07"]
[Round "4"]
[White "Papadopoulos,I"]
[Black "Ziogas,P"]
[Result "1-0"]
[WhiteElo "2236"]
[BlackElo "2124"]

1.e4 c5 2.Nf3 Nc6 3.d4 cxd4 4.Nxd4 Nf6 5.Nc3 d6 6.Bg5 e6 7.Qd2 a6 8.O-O-O Nxd4
9.Qxd4 Be7 10.f4 b5 11.Bd3 Bb7 12.Rhe1 O-O 13.Qg1 b4 14.Nb1 Qc7 15.g4 a5
16.Bxf6 gxf6 17.g5 Kh8 18.gxf6 Bxf6 19.Qf1 e5 20.Nd2 a4 21.fxe5 Bxe5 22.Nc4 f6
23.Kb1 a3 24.Nxe5 fxe5 25.Qe2 axb2 26.Bc4 Rf4 27.Qd3 Raf8 28.Bb3 R8f6 29.Kxb2 Rg6
30.Re3 Qc5 31.Qe2 Kg7 32.Re1 Bc8 33.Bd5 Bg4 34.Qa6 Bc8 35.Qc4 Rg2 36.R1e2 Rg1
37.Qd3 Rff1 38.Rg3+ Kh8 39.Rxg1 Qxg1 40.c3 Ba6 41.c4 Ra1 42.Kb3 Rb1+ 43.Ka4 Qa7
44.Qe3 Qd7+ 45.Ka5 Bb7 46.Qb6 Bxd5 47.cxd5 Kg7 48.Rg2+ Kh6 49.Qe3+  1-0

[Event "GM"]
[Site "Brno CZE"]
[Date "2004.07.07"]
[Round "6"]
[White "Kalod,R"]
[Black "Groetz,H"]
[Result "1-0"]
[WhiteElo "2461"]
[BlackElo "2355"]

1.e4 c5 2.Nf3 d6 3.d4 cxd4 4.Nxd4 Nf6 5.Nc3 Nc6 6.Bg5 e6 7.Qd2 a6 8.O-O-O h6
9.Be3 Be7 10.f3 Nxd4 11.Bxd4 b5 12.Kb1 Rb8 13.Ba7 Rb7 14.Be3 Qc7 15.h4 Nd7
16.Ne2 Ne5 17.Nd4 Nc4 18.Qe1 Nxe3 19.Qxe3 Qc5 20.Qd2 h5 21.f4 Rd7 22.g3 Bb7
23.Bg2 g6 24.Rhe1 O-O 25.Bh3 Rc7 26.f5 e5 27.fxg6 Kg7 28.Nf5+  1-0

[Event "GM"]
[Site "Brno CZE"]
[Date "2004.07.07"]
[Round "7"]
[White "Walek,M"]
[Black "Zawadzki,S"]
[Result "1-0"]
[WhiteElo "2386"]
[BlackElo "2428"]

1.e4 c5 2.Nf3 d6 3.d4 cxd4 4.Nxd4 Nf6 5.Nc3 Nc6 6.Bg5 e6 7.Qd2 a6 8.O-O-O Bd7
9.f3 h6 10.Be3 b5 11.Bd3 Rc8 12.Kb1 Ne5 13.g4 Qc7 14.h4 g6 15.g5 hxg5 16.hxg5 Rxh1
17.Rxh1 Nh5 18.f4 Nc4 19.Bxc4 Qxc4 20.Nce2 e5 21.fxe5 dxe5 22.b3 Qc7 23.Nf5 Rd8
24.Qe1 Be6 25.Qf2 Rc8 26.Neg3 Nxg3 27.Nxg3 Kd7 28.Bb6 Qc3 29.Rd1+ Kc6 30.Rd3 Qb4
31.Be3 Kb7 32.Bc1 Be7 33.Nf5 Bf8 34.Qg2 Qe1 35.Ne3 Bc5 36.Rd1 Qa5 37.Nd5 Bd4
38.Bb2 Rh8 39.Bxd4 exd4 40.Qf2 Qd8 41.Qxd4 Rh5 42.a4 Bxd5 43.exd5 bxa4 44.Qxa4 Rxg5
45.Qc6+ Ka7 46.d6 Re5 47.d7 Re6 48.Qc8  1-0

[Event "FSGM July"]
[Site "Budapest HUN"]
[Date "2004.07.08"]
[Round "6"]
[White "Fogarasi,T"]
[Black "Paschall,W"]
[Result "1/2-1/2"]
[WhiteElo "2465"]
[BlackElo "2381"]

1.e4 c5 2.Nf3 Nc6 3.d4 cxd4 4.Nxd4 Nf6 5.Nc3 d6 6.Bg5 e6 7.Qd2 Qb6 8.Nb3 a6
9.Be2 Be7 10.O-O Qc7 11.a4 b6 12.Rad1 Bb7 13.f4 Rd8 14.Qe1 h6 15.Bh4 Nb4
16.Bd3 Nxd3 17.cxd3 e5 18.d4 exf4 19.Bxf6 Bxf6 20.Nd5 Bxd5 21.exd5+ Qe7 22.Rxf4 Qxe1+
23.Rxe1+ Kd7 24.Nd2 Rc8 25.Rd1 Rhf8 26.Ne4 Bg5 27.Rf3 Rc4 28.b3 Rc1 29.Rxc1 Bxc1
30.Rc3 Bb2 31.Rc6 Bxd4+ 32.Kf1 Bc5 33.a5 bxa5 34.Nxc5+ dxc5 35.Rxc5 Rb8 36.Rxa5 Rb6
37.Ke2 Kd6 38.Kd2 Rxb3 39.Rxa6+ Kxd5 40.Ke2 f5 41.Rg6 Rb7 42.Kf3 Ke5 43.g3 f4
44.gxf4+ Kf5 45.Rg1 Rb3+ 46.Kf2 g6 47.Ra1 Kxf4 48.Ra4+ Kg5 49.Ra5+ Kg4 50.Ra6 Rb2+
51.Kg1 Kh5 52.Rc6 g5 53.Ra6 g4 54.Rf6 Kg5 55.Ra6 h5 56.Ra5+ Kh4 57.Rc5  1/2-1/2

[Event "IMA"]
[Site "Brno CZE"]
[Date "2004.07.09"]
[Round "7"]
[White "Slaby,J"]
[Black "Czarnota,P"]
[Result "0-1"]
[WhiteElo "2391"]
[BlackElo "2380"]

1.e4 c5 2.Nf3 d6 3.d4 cxd4 4.Nxd4 Nf6 5.Nc3 Nc6 6.Bg5 e6 7.Qd2 a6 8.O-O-O Bd7
9.f3 Be7 10.h4 b5 11.Nxc6 Bxc6 12.Kb1 Rc8 13.Ne2 Bb7 14.Nd4 h6 15.Be3 h5
16.Bd3 Nd7 17.Bg5 Ne5 18.Bxe7 Qxe7 19.Qg5 Qxg5 20.hxg5 Ke7 21.Ne2 Rc5 22.f4 Ng4
23.Rdf1 g6 24.Nc3 d5 25.exd5 Bxd5 26.Nxd5+ Rxd5 27.Rf3 Rhd8 28.a4 bxa4 29.Bxa6 Rd1+
30.Rxd1 Rxd1+ 31.Ka2 Rd2 32.g3 Rxc2 33.Bb5 e5 34.fxe5 Nxe5 35.Re3 Kd6 36.Kb1 Rf2
37.Rc3 Rf3 38.Bxa4 Rxc3 39.bxc3 Nf3 40.Kc2 Nxg5 41.Kd3 Ke5 42.Be8 Kd6 43.c4 Ke7
44.Bc6 Kd6 45.Be8 Ke7 46.Bc6 Ne6 47.Bg2 h4 48.Ke3 hxg3 49.Kf3 f5 50.Kxg3 g5
51.Bb7 Kf6 52.Bc8 Nc5 53.Kf3 Ke5 54.Kg3 Ne4+ 55.Kg2 Nd6  0-1

[Event "3rd Open"]
[Site "La Fere FRA"]
[Date "2004.07.09"]
[Round "9"]
[White "Radulski,J"]
[Black "Sarakauskas,G"]
[Result "1/2-1/2"]
[WhiteElo "2513"]
[BlackElo "2442"]

1.e4 c5 2.Nf3 d6 3.d4 cxd4 4.Nxd4 Nf6 5.Nc3 Nc6 6.Bg5 e6 7.Qd2 a6 8.Rd1 Bd7
9.Nb3 Rc8 10.Be2 h6 11.Be3 Ne5 12.O-O b5 13.a3 Be7 14.Bd4 Bc6 15.Qe3 Qc7
16.Nd2 O-O 17.Qg3 Ng6 18.Kh1 e5 19.Be3 d5 20.exd5 Nxd5 21.Nxd5 Bxd5 22.Bd3 Qc6
23.Bxg6 fxg6 24.c3 Rf5 25.f3 Rcf8 26.Rfe1 Rh5 27.Re2 Kh7 28.Qe1 g5 29.Bg1 g4
30.fxg4 Bh4 31.Bf2 Bxg2+ 32.Kg1 Rxf2 33.Rxf2 Rg5 34.Qe2 Bxf2+ 35.Kxf2 Bd5
36.Rg1 Qf6+ 37.Ke1 Qf4 38.h4 Rg6 39.Qd3 Bc4 40.Qe4 Qh2 41.Nf3 Qf4 42.Qxf4 exf4
43.Kf2 Re6 44.Nd4 Re3 45.g5 hxg5 46.Rxg5 Rd3 47.h5 Kh6 48.Rg6+ Kxh5 49.Rxg7 Rd2+
50.Kf3 Rxb2 51.Kxf4 Rf2+ 52.Ke5 Ra2 53.Kf5 Bd3+  1/2-1/2

[Event "TCh-GRE"]
[Site "Aghia Pelagia GRE"]
[Date "2004.07.10"]
[Round "8"]
[White "Berczes,C"]
[Black "Ziogas,P"]
[Result "1/2-1/2"]
[WhiteElo "2371"]
[BlackElo "2124"]

1.e4 c5 2.Nf3 Nc6 3.d4 cxd4 4.Nxd4 Nf6 5.Nc3 d6 6.Bg5 e6 7.Qd2 a6 8.O-O-O Nxd4
9.Qxd4 Be7 10.f4 b5 11.Bd3 Bb7 12.Rhe1 Qc7 13.Kb1 Qc5 14.Qxc5 dxc5 15.e5 Nd5
16.Nxd5 Bxd5 17.Be4 Bxe4 18.Rxe4 h6 19.Bxe7 Kxe7 20.Re3 Rhd8 21.Rxd8 Rxd8
22.Kc1 Rd4 23.g3 Ra4 24.a3 Rd4 25.c3 Rd5 26.b3 Kd7 27.Kc2 Kc6 28.Re4 h5 29.c4 Rd7
30.cxb5+ axb5 31.Re1 Ra7 32.Ra1 c4 33.bxc4 bxc4 34.a4 Kc5 35.Kc3 Ra5 36.Ra2 g6
37.Ra1 Ra6 38.a5 Kb5 39.Rb1+ Kc5 40.Rb4 Rxa5 41.Rxc4+ Kd5 42.Rc7 Rc5+ 43.Rxc5+ Kxc5
44.Kd3 Kd5 45.h4  1/2-1/2

[Event "GM"]
[Site "Brno CZE"]
[Date "2004.07.10"]
[Round "10"]
[White "Zawadzki,S"]
[Black "Groetz,H"]
[Result "1-0"]
[WhiteElo "2428"]
[BlackElo "2355"]

1.e4 c5 2.Nf3 d6 3.d4 cxd4 4.Nxd4 Nf6 5.Nc3 Nc6 6.Bg5 e6 7.Qd2 a6 8.O-O-O h6
9.Nxc6 bxc6 10.Bf4 d5 11.Qe3 Bb4 12.Be2 Qa5 13.Be5 dxe4 14.Bxf6 gxf6 15.Qxe4 Bb7
16.Bh5 Ke7 17.Bxf7 Bxc3 18.Qxe6+ Kf8 19.Rd7 Bxb2+ 20.Kxb2 Qb4+ 21.Qb3 Qxb3+
22.Bxb3  1-0

[Event "Open"]
[Site "Olomouc CZE"]
[Date "2004.07.10"]
[Round "7"]
[White "Zapletal,J"]
[Black "Furman,B"]
[Result "1/2-1/2"]
[WhiteElo "2191"]
[BlackElo "2328"]

1.e4 c5 2.Nf3 Nc6 3.d4 cxd4 4.Nxd4 Nf6 5.Nc3 d6 6.Bg5 e6 7.Qd2 Be7 8.O-O-O O-O
9.f4 h6 10.Bh4 e5 11.Nf5 Bxf5 12.exf5 exf4 13.Kb1 d5 14.Bxf6 Bxf6 15.Nxd5 Be5
16.c3 Qg5 17.Bd3 Rfd8 18.Be4 Rd6 19.Qe2 Re8 20.h4 Qd8 21.Qf3 Qd7 22.Bc2  1/2-1/2

[Event "Proclient Cup"]
[Site "Olomouc CZE"]
[Date "2004.07.10"]
[Round "9"]
[White "Biolek,R1"]
[Black "Kraemer,Mar"]
[Result "0-1"]
[WhiteElo "2076"]
[BlackElo "2295"]

1.e4 c5 2.Nf3 Nc6 3.d4 cxd4 4.Nxd4 Nf6 5.Nc3 d6 6.Bg5 e6 7.Qd2 a6 8.O-O-O h6
9.Be3 Be7 10.f3 Nxd4 11.Bxd4 e5 12.Be3 Be6 13.g4 Rc8 14.Nd5 Nxd5 15.exd5 Bd7
16.Bd3 Bf6 17.h4 Bxh4 18.Kb1 Qf6 19.g5 hxg5 20.Bxg5 Bxg5 21.Rxh8+ Ke7 22.Qh2 Qxf3
23.Rg1 Rxh8 24.Qxh8 Bf6 25.Qh7 Qxd5 26.Be4 Qc5 27.Rh1 Bc6 28.Rd1 Bxe4 29.Qxe4 Qc6
30.Qb4 Kd7 31.Qb3 Ke7 32.c4 Bg5 33.Rd5 Bf4 34.Qd3 b5 35.b3 bxc4 36.Qe4 Qc7
37.bxc4 Qb6+ 38.Kc2 Qf2+ 39.Kb1 Qe3 40.Qh1 Qc3 41.c5 dxc5 42.Qd1 Qb4+ 43.Ka1 Qc3+
44.Kb1 Qb4+ 45.Ka1 g6 46.Qb3 Qxb3 47.axb3 g5 48.Rxc5 g4 49.Rc2 g3 50.Kb2 Be3
51.Rg2 Bf2  0-1

[Event "GM"]
[Site "Brno CZE"]
[Date "2004.07.11"]
[Round "11"]
[White "Petrik,T"]
[Black "Walek,M"]
[Result "1-0"]
[WhiteElo "2457"]
[BlackElo "2386"]

1.e4 c5 2.Nf3 d6 3.d4 cxd4 4.Nxd4 Nf6 5.Nc3 Nc6 6.Bg5 e6 7.Qd2 a6 8.O-O-O Bd7
9.f4 b5 10.Bxf6 gxf6 11.Kb1 Qb6 12.Nxc6 Bxc6 13.Qe1 Be7 14.Bd3 b4 15.Ne2 a5
16.f5 e5 17.Ng3 a4 18.Bc4 Ra5 19.Qe2 Rc5 20.b3 a3 21.Qh5 Rf8 22.Rhe1 Bb5
23.Bxb5+ Qxb5 24.Re3 Qc6 25.Rd2 Rc3 26.Qf3 Rxe3 27.Qxe3 Bd8 28.Rd5 Bb6 29.Qd2 Ke7
30.Qxb4 Rc8 31.Qd2 Be3 32.Qd3 Bd4 33.Nf1 Qb6 34.Qb5 Qc7 35.Qd3 Qa7 36.c4 Bc5
37.Qd2 Rb8 38.Kc2 Qb6 39.Rd3 Rc8 40.Ne3 Bxe3 41.Qxe3 Qb7 42.Kd1 h5 43.Rd5 h4
44.Ra5 Ra8 45.Rxa8 Qxa8 46.Ke2 Kd7 47.Kf3 Kc6 48.Qd2 Kc5 49.Ke3 Qa7 50.Qd5+ Kb4+
51.Kd3 Qb6 52.h3 Qa6 53.Qxf7 Qc6 54.Qa7 d5 55.exd5 e4+ 56.Kc2 Qd6 57.Qa4+  1-0

[Event "HUN-POL Women's Match"]
[Site "Szeged HUN"]
[Date "2004.07.11"]
[Round "6"]
[White "Dworakowska,J"]
[Black "Madl,I"]
[Result "1/2-1/2"]
[WhiteElo "2402"]
[BlackElo "2348"]

1.e4 c5 2.Nf3 d6 3.d4 cxd4 4.Nxd4 Nf6 5.Nc3 Nc6 6.Bg5 e6 7.Qd2 a6 8.O-O-O Be7
9.f4 Nxd4 10.Qxd4 b5 11.Bxf6 gxf6 12.f5 Qc7 13.Be2 Qc5 14.fxe6 fxe6 15.Qxc5 dxc5
16.Bh5+ Kf8 17.e5 f5 18.g4 Ra7 19.gxf5 exf5 20.Nd5 Bg5+ 21.Kb1 Be6 22.Rhg1 Rd7
23.Rxg5 Rxd5 24.Rxf5+ Ke7 25.Rg5 Rg8 26.Rxg8 Rxd1+ 27.Bxd1 Bxg8 28.Bf3 Bf7
29.a3 a5 30.Bg4 Be6 31.Bf3 Bf7 32.Bg4  1/2-1/2

[Event "Open"]
[Site "Olomouc CZE"]
[Date "2004.07.12"]
[Round "9"]
[White "Van der Laan,D"]
[Black "Furman,B"]
[Result "1/2-1/2"]
[WhiteElo "2228"]
[BlackElo "2328"]

1.e4 c5 2.Nf3 Nc6 3.d4 cxd4 4.Nxd4 Nf6 5.Nc3 d6 6.Bg5 e6 7.Qd2 Be7 8.O-O-O O-O
9.Nb3 Qb6 10.f3 Rd8 11.Nb5 Rd7 12.Qe1 a6 13.N5d4 Rd8 14.g4 e5 15.Nf5 Bxf5
16.exf5 d5 17.Bd3 e4 18.Bd2 a5 19.a4 Ne5 20.Bb5 Bb4 21.Qe2 Bxd2+ 22.Nxd2  1/2-1/2

[Event "VII Magistral"]
[Site "Vicente Lopez ARG"]
[Date "2004.07.12"]
[Round "4"]
[White "Valerga,D"]
[Black "Alonso,S"]
[Result "1/2-1/2"]
[WhiteElo "2498"]
[BlackElo "2444"]

1.e4 c5 2.Nf3 Nc6 3.d4 cxd4 4.Nxd4 Nf6 5.Nc3 d6 6.Bg5 e6 7.Qd2 Be7 8.O-O-O O-O
9.f4 Nxd4 10.Qxd4 Qa5 11.Bc4 Bd7 12.e5 dxe5 13.fxe5 Bc6 14.Bd2 Nd7 15.Nd5 Qd8
16.Nxe7+ Qxe7 17.Rhe1 Rfd8 18.Qg4 Nf8 19.Bf1 Ng6 20.Bb4 Rxd1+ 21.Rxd1 Qc7
22.Qd4 Bd5 23.Bd6 Qc6 24.b3 Bxg2 25.Bd3 Qf3 26.Rd2 Nf4 27.Kb2 Nxd3+ 28.Rxd3 Qh5
29.Be7 Re8 30.Rg3 Be4 31.Rxg7+ Kxg7 32.Bf6+ Kg8 33.Qxe4 b6 34.h4 Qg6 35.Qb7 Qg3
36.a4 Qg1 37.Qxa7 Qd4+ 38.c3 Qf2+ 39.Ka3 Qc5+ 40.Ka2 Qf2+ 41.Ka3 Qc5+ 42.Ka2 Qf2+  1/2-1/2

[Event "XIII Open"]
[Site "Castellar del Valles ESP"]
[Date "2004.07.14"]
[Round "1"]
[White "Korneev,O"]
[Black "Vidarte Morales,A"]
[Result "1-0"]
[WhiteElo "2587"]
[BlackElo "2367"]

1.e4 c5 2.Nf3 d6 3.d4 cxd4 4.Nxd4 Nf6 5.Nc3 Nc6 6.Bg5 e6 7.Qd2 a6 8.O-O-O Bd7
9.f3 Rc8 10.Kb1 b5 11.h4 Be7 12.g4 Qa5 13.Nxc6 Bxc6 14.Bd3 Bb7 15.Rhe1 h6
16.Be3 b4 17.Ne2 Nd7 18.g5 Ne5 19.Nd4 h5 20.f4 Nxd3 21.cxd3 g6 22.f5 e5 23.Nc2 d5
24.d4 gxf5 25.exf5 e4 26.f6 Bf8 27.Bf4 Qb5 28.Ne3 b3 29.a3 a5 30.Rc1 Bb4
31.Rxc8+ Bxc8 32.Qe2 Qxe2 33.Rxe2 Ba6 34.Rg2 Bd3+ 35.Kc1 Be1 36.Kd1 Bxh4
37.Rh2  1-0

[Event "15th Open"]
[Site "Ljubjana SLO"]
[Date "2004.07.14"]
[Round "7"]
[White "Gruskovnjak,T"]
[Black "Kokol,P"]
[Result "1/2-1/2"]
[WhiteElo "2315"]
[BlackElo "2091"]

1.e4 c5 2.Nf3 Nc6 3.d4 cxd4 4.Nxd4 Nf6 5.Nc3 d6 6.Bg5 e6 7.Qd2 h6 8.Bxf6 gxf6
9.O-O-O a6 10.Be2 h5 11.Kb1 Bd7 12.f4 Qb6 13.Nb3 O-O-O 14.Rhf1 Kb8 15.Rf3 Be7
16.Rh3 h4 17.Qe1 f5 18.exf5 d5 19.Bg4 d4 20.fxe6 dxc3 21.exd7 cxb2 22.Nd4 Bf6
23.Rb3 Bxd4 24.Rxb6 Bxb6 25.Kxb2 Na5 26.Qb4 Rh6 27.Rd5 Bc7 28.Kc1 Nc6 29.Qe4 Rf6
30.g3 hxg3 31.hxg3 Rh6 32.Rh5 Rd6 33.Rh1 Rd4 34.Qe8 Bd6 35.Qe3 Bc5 36.Qb3 Na5
37.Qc3 Nc4 38.a4 Ba3+ 39.Kb1 Nd2+ 40.Ka2 Rxa4 41.Qxa3 Rxa3+ 42.Kxa3 Nc4+
43.Kb3 Nd2+ 44.Kb4 Ne4 45.Re1 Nxg3 46.Re3 f5 47.Bh3 Nh5 48.Bxf5 Nxf4 49.Re4 Nd5+
50.Ka5 Kc7 51.Rc4+ Kd6 52.Rc8 Ke7 53.Bh3 Nf4 54.Bg4 Nd5 55.Rxd8 Kxd8 56.Bf3 Ne3  1/2-1/2

[Event "VII Magistral"]
[Site "Vicente Lopez ARG"]
[Date "2004.07.14"]
[Round "6"]
[White "Fusco,L"]
[Black "Rosito,J"]
[Result "1-0"]
[WhiteElo "2296"]
[BlackElo "2424"]

1.e4 c5 2.Nf3 d6 3.d4 cxd4 4.Nxd4 Nf6 5.Nc3 Nc6 6.Bg5 e6 7.Qd2 a6 8.O-O-O Nxd4
9.Qxd4 Be7 10.f4 b5 11.Bxf6 gxf6 12.f5 Qc7 13.Be2 Qc5 14.Bh5 Kf8 15.Qd2 Rg8
16.Qh6+ Rg7 17.Rd3 Kg8 18.Rg3 Rg5 19.Rxg5+ fxg5 20.Bg6 hxg6 21.fxg6 Qe3+
22.Kb1 fxg6 23.Qxg6+ Kf8 24.Rf1+ Qf4 25.Rxf4+ gxf4 26.h4 Bd7 27.h5  1-0

[Event "IM"]
[Site "Balatonlelle HUN"]
[Date "2004.07.20"]
[Round "2"]
[White "Nemeth,Mi"]
[Black "Titz,Hei"]
[Result "1-0"]
[WhiteElo "2375"]
[BlackElo "2217"]

1.e4 c5 2.Nf3 Nc6 3.d4 cxd4 4.Nxd4 Nf6 5.Nc3 d6 6.Bg5 Qb6 7.Nb3 e6 8.Qd2 a6
9.O-O-O Qc7 10.f4 Rb8 11.f5 b5 12.fxe6 fxe6 13.e5 Nxe5 14.Bxf6 gxf6 15.Ne4 f5
16.Nf6+ Kf7 17.Nh5 Rg8 18.Kb1 Bb7 19.Nd4 Rg6 20.Nf4 Rf6 21.Be2 Rc8 22.Rhf1 Ke7
23.g4 fxg4 24.Nfxe6 Rxe6 25.Qg5+ Kd7 26.Bxg4 Bd5 27.Rf7+ Nxf7 28.Qxd5 Nd8
29.Bxe6+ Nxe6 30.Qxe6+ Kd8 31.Qf5 Qe7 32.Ne6+ Ke8 33.Rf1 Bh6 34.Qh5+  1-0

[Event "GM"]
[Site "Balatonlelle HUN"]
[Date "2004.07.21"]
[Round "3"]
[White "Brueggemann,Jo"]
[Black "Wittmann,W"]
[Result "1/2-1/2"]
[WhiteElo "2408"]
[BlackElo "2337"]

1.e4 c5 2.Nf3 d6 3.d4 cxd4 4.Nxd4 Nf6 5.Nc3 Nc6 6.Bg5 e6 7.Qd2 Be7 8.O-O-O Nxd4
9.Qxd4 O-O 10.f4 h6 11.Bh4 Qa5 12.Bc4 Qh5 13.Bg3 Rd8 14.Rhe1 Bd7 15.e5 dxe5
16.Rxe5 Bc6 17.Nd5 exd5 18.Be2 Qg6 19.Rxe7 Ne4 20.Bh4 Re8 21.Bf3 a6 22.Rxe8+ Rxe8
23.Be1 Rc8 24.b3 Nd6 25.Qd3 Qf6 26.Qd4 Qg6 27.Qd3  1/2-1/2

[Event "Open"]
[Site "Balatonlelle HUN"]
[Date "2004.07.23"]
[Round "5"]
[White "Bagonyai,A"]
[Black "Krivoshey,S"]
[Result "0-1"]
[WhiteElo "2383"]
[BlackElo "2504"]

1.e4 c5 2.Nf3 Nc6 3.d4 cxd4 4.Nxd4 Nf6 5.Nc3 d6 6.Bg5 e6 7.Qd2 a6 8.O-O-O Bd7
9.f4 b5 10.Bxf6 gxf6 11.Nxc6 Bxc6 12.Bd3 Qb6 13.Qe1 O-O-O 14.Kb1 b4 15.Ne2 d5
16.e5 f5 17.g4 fxg4 18.h3 gxh3 19.Rxh3 Bc5 20.Nc1 a5 21.f5 a4 22.Qh1 Bd4
23.Qh2 Kb8 24.Be2 Be3 25.Rxh7 Rxh7 26.Qxh7 Bxc1 27.Rxc1 Qd4 28.Rd1 Qxe5 29.Qh4 Kc7
30.Bd3 Qd6 31.Qf6 Rd7 32.Re1 e5 33.Qxe5 Qxe5 34.Rxe5 Kd6 35.Re1 Re7 36.Rf1 a3
37.Kc1 f6 38.bxa3 bxa3 39.c3 Re3 40.Bb1 Rxc3+ 41.Kd2 Rg3 42.Re1 Bd7 43.Rf1 Ke5
44.Bc2 Bb5 45.Re1+ Kd4 46.Kc1 Bc4 47.Kb1 Rf3 48.Kc1 Bxa2 49.Re6 Bc4  0-1

[Event "7th Open"]
[Site "Korinthos GRE"]
[Date "2004.07.23"]
[Round "3"]
[White "Shavtvaladze,N"]
[Black "Kotronias,V"]
[Result "1/2-1/2"]
[WhiteElo "2439"]
[BlackElo "2608"]

1.e4 c5 2.Nf3 Nc6 3.d4 cxd4 4.Nxd4 Nf6 5.Nc3 d6 6.Bg5 e6 7.Qd2 a6 8.O-O-O Bd7
9.f4 b5 10.Nxc6 Bxc6 11.Qe3 Be7 12.e5 Nd5 13.Nxd5 Bxd5 14.Bxe7 Qxe7 15.Qb6 Qd8
16.Qxd6 Qxd6 17.exd6 Kd7 18.f5 g6 19.fxe6+ fxe6 20.a4 bxa4 21.Rd4 Kxd6 22.Rxa4 a5
23.Bc4 Bxg2 24.Rd1+ Ke7 25.Re1 Bh3 26.Re5 Bf5 27.Raxa5 Rxa5 28.Rxa5 Rc8 29.b3 g5
30.Kd2 h5 31.Bd3 Kf6 32.Ke3 Rb8  1/2-1/2